000 00787nam a2200265Ia 4500
003 OSt
005 20220930083345.0
006 a|||||r|||| 00| 0
007 ta
008 220926b |||||||| |||| 00| 0 hin d
024 _a75387
037 _cTheses
040 _aCRL
_cCRL
_bhin
041 _2hin
_ahin
100 _aPramil Kumari
110 _aUniversity of Delhi. Faculty of Arts. Department of Hindi
245 0 _aSwattanttrottar hindi kahani
_b Uplabhdhiyaan aur sambhavnaen
260 _c1986
300 _a326p.
_ap.
_ccm.
650 _aHINDI LITERATURE
_923866
700 _a Dr. Ramdarash Mishr Gu.
700 _aUniversity of Delhi. Faculty of Arts. Department of Hindi
942 _cDIS
_2CC
999 _c875185
_d875185